000 01247nam2a2200301 4500
001 RU\NLR\BIBL_A\012633248
005 20250806202124.0
035 _a(NLR Aleph) 012633248
090 _a67896
_c67896
100 _a20250806 rusy50
101 0 _arus
102 _aRU
135 _acrcn 024anaba
200 0 _a1944, № 244 (6770) (15 дек.)
210 _d1944
325 1 _aКопия доступна в электронной библиотеке РНБ
461 0 _1001RU\NLR\DIGIT\NP\000441
_12001#$aДагестанская правда$eреспубликанская общественно-политическая газета$v1944, № 244 (6770) (15 дек.)
852 _aNLR
_jР7
856 0 _uhttps://vivaldi.nlr.ru/ap000066949/view
856 1 _uhttps://vivaldi.nlr.ru/ap000066949/cover
856 2 _uhttps://vivaldi.nlr.ru/ap000066949/text
901 _eГазеты
942 _cISSNP
945 _aРоссийская национальная библиотека
980 _aNB
980 _aBV
981 2 7 _a(27) Периодические издания
_b(27) Газеты